Compositions de salades - Statistiques

Statistiques générales
  • Ce quiz a été pris 75 fois
  • Le résultat moyen est 17 sur 33
Statistiques - réponses
Ingrédient % Correct
Tomate
97%
Salade
95%
Poulet
84%
Croûton
82%
Carotte
76%
Jambon
74%
Oignon
74%
Œuf
73%
Olive
71%
Pomme de terre
71%
Comté
69%
Anchois
68%
Feta
68%
Chou
66%
Concombre
66%
Lardon
60%
Mozzarella
56%
Câpre
48%
Maïs
44%
Canard
42%
Poivron
42%
Pignon de pin
40%
Parmesan
39%
Ail
35%
Céleri
32%
Cornichon
32%
Champignon
26%
Saucisse
26%
Roquefort
23%
Noix
21%
Artichaut
10%
Asperge
10%
Fève
8%
Aucun quiz correspondant
Distribution des résultats
% des personnes avec chaque résultat
Percentile par nombre de réponses
Votre historique - résultats
Vous n’avez pas pris ce quiz